000
00258nam a2200109Ia 4500
008
200302s9999 xx 000 0 und d
100
_a
J. K. Mckay
245
_a
Building Construction Vol 4
260
_b
Longman Group Ltd.
260
_c
1975
300
_a
274 P.,
999
_c
219
_d
219